Phychologia metaphysica

Sábháilte in:
Sonraí bibleagrafaíochta
Príomhchruthaitheoir: Miano, Vincentius (autor)
Formáid: LEABHAR
Teanga:Laidin
Foilsithe / Cruthaithe: Turín Societa Editrice Internazionale 1961
Sraith:Institutiones Philosophiae, 5
Ábhair:
Clibeanna: Cuir clib leis
Níl clibeanna ann, Bí ar an gcéad duine le clib a chur leis an taifead seo!

MARC

LEADER 00000nam a2200000 a 4500
001 UCZ4237
003 CL-VaPUC
008 951106e19610000IT |||||||||||||||||lat|d
082 0 4 |a 110  |b MIA  |2 21 
100 |a Miano, Vincentius  |e autor  |9 348590 
245 1 0 |a Phychologia metaphysica 
300 |a 268 p 
942 |c BK 
945 |d 19951106 00:00:00  |a cmena 
260 |a Turín  |b Societa Editrice Internazionale  |c 1961 
650 0 |a Metafísica  |9 265649 
650 0 |a Filosofía de las ciencias  |9 256466 
650 0 |a Filosofía de la naturaleza  |9 265899 
650 0 |a Ciencia  |9 255691 
650 0 |a Antropología   |9 233030 
650 0 |a Cognición   |9 270347 
650 0 |a Inteligencia  |9 267038 
650 7 |a HOMBRE  |2 CL-VaPUC  |9 262149 
583 |a last modification  |c 19951106 00:00:00  |k Rodrigo Vera 
490 0 |a Institutiones Philosophiae, 5 
999 |c 240652  |d 240650 
952 |0 0  |1 0  |4 0  |6 110_000000000000000_MIA_1961  |7 0  |8 P  |9 252630  |a BIBEDU  |b BIBEDU  |c BIBEDU_PB  |d 2019-11-18  |i 1594303  |o 110 MIA 1961  |p 1594303  |r 2024-01-25  |w 2019-11-18  |y BK  |k FIL